000 01054nam a2200301 i 4500
001 13141
003 KOSZ 005
005 20200114090350.0
008 080220s1967 pl a f 001 0 pol
015 _aPB 1967/4979
040 _aWA N
_cWA N
_dKOSZ 005/RW
_dKOSZ 005/HR
046 _k1967
080 _a621.3
100 1 _aKuliszewski, Tadeusz
_d(1899-1981)
_eAutor
245 1 0 _aTransformatory telekomunikacyjne :
_bteoria, projektowanie i obliczanie /
_cTadeusz Kuliszewski.
260 _aWarszawa :
_bWydawnictwa Naukowo-Techniczne,
_c1967.
300 _a262, [2] :
_bil. ;
_c23 cm.
380 _aKsiążki.
388 _a1901-2000
504 _aBibliogr. s.[257]. Indeks.
521 8 _aDla inżynierów, techników i studentów.
658 _aInżynieria i technika
650 4 _aTelekomunikacja
650 4 _aTransformatory
710 2 _aWydawnictwa Naukowo-Techniczne
_4pbl.
856 _uhttp://koha.tu.koszalin.pl/cgi-bin/koha/opac-detail.pl?biblionumber=13141
_yKatalog online BPK
942 _2UKD
_cKS
999 _c13141
_d13141